000
00278nam a22001217a 4500
008
180504b xxu||||| |||| 00| 0 eng d
041
_a
eng
080
_a
043.3
100
_a
0
101
_a
SHKI-BTH
245
_a
Dallimi mes teknologjisë 3G dhe 4G
_c
Kera,R
942
_2
udc
_c
BK
999
_c
45665
_d
45665